Thukhun thak hunlai leh laibute (Record no. 7684)

MARC details
000 -LEADER
fixed length control field 00382nam a22001577a 4500
003 - CONTROL NUMBER IDENTIFIER
control field GBCCL
005 - DATE AND TIME OF LATEST TRANSACTION
control field 20241126110633.0
008 - FIXED-LENGTH DATA ELEMENTS--GENERAL INFORMATION
fixed length control field 180911b ||||| |||| 00| 0 eng d
040 ## - CATALOGING SOURCE
Transcribing agency gbc
082 ## - DEWEY DECIMAL CLASSIFICATION NUMBER
Classification number VER 225.9
Item number PHU
100 ## - MAIN ENTRY--PERSONAL NAME
Personal name Phungzapao, N
9 (RLIN) 7264
245 ## - TITLE STATEMENT
Title Thukhun thak hunlai leh laibute
260 ## - PUBLICATION, DISTRIBUTION, ETC.
Place of publication, distribution, etc. 1992.
Name of publisher, distributor, etc. New Lamka:
Date of publication, distribution, etc. Author,
300 ## - PHYSICAL DESCRIPTION
Extent 247p. ;
942 ## - ADDED ENTRY ELEMENTS (KOHA)
Source of classification or shelving scheme Dewey Decimal Classification
Koha item type Books
Koha issues (borrowed), all copies 1
Holdings
Withdrawn status Lost status Source of classification or shelving scheme Damaged status Not for loan Home library Current Library Shelving location Date acquired Total checkouts Full call number Barcode Date last seen Copy number Price effective from Koha item type Date last checked out
    Dewey Decimal Classification     GRACE BIBLE COLLEGE GRACE BIBLE COLLEGE Vernacular 2018-09-11   VER 225.9 PHU 003795 2025-05-01 c.1 2018-09-11 Books  
    Dewey Decimal Classification     GRACE BIBLE COLLEGE GRACE BIBLE COLLEGE Vernacular 2022-02-03 1 VER 225.9 PHU 004787 2025-05-01 c.2 2022-02-03 Books 2022-04-18
    Dewey Decimal Classification     GRACE BIBLE COLLEGE GRACE BIBLE COLLEGE Vernacular 2022-02-14   VER 225.9 PHU 005393 2025-05-01 c.3 2022-02-14 Books  
    Dewey Decimal Classification     GRACE BIBLE COLLEGE GRACE BIBLE COLLEGE Vernacular 2022-02-23   VER 225.9 PHU 005482 2025-05-01 c.4 2022-02-23 Books  
© Grace Bible College Library 2025